| 000 | 00532nam a22001937a 4500 | ||
|---|---|---|---|
| 003 | NUST - PNEC | ||
| 005 | 20170116180749.0 | ||
| 008 | 150304b xxu||||| |||| 00| 0 eng d | ||
| 020 | _a9694071526 | ||
| 040 | _cLIBRARY | ||
| 082 | _a954.91 AHS | ||
| 100 |
_91593 _aChaudhri Ahsen Dr. Mohammed |
||
| 245 |
_aPakistan & The Troubled World _cDr. Mohammed Ahsen Chaudhri |
||
| 250 | _a- | ||
| 260 |
_aKarachi, Pakistan _bRoyal Book Company _cc1993. |
||
| 300 | _a474 p. : | ||
| 650 |
_91594 _aPakistan _xGeneral |
||
| 942 |
_2ddc _cBK |
||
| 999 |
_c62486 _d62486 |
||